000 00604nam a22001817a 4500
999 _c186246
_d186246
005 20220218151413.0
010 _aENG-131681
020 _a9789383959440
_c243.00
035 _aEN-115213
037 _bDBAD
082 _a338.5024658
245 _aManagerial Economics:
_bI-BBA/I-Semester/
_cR. Raj Gopal Naidu et.al.
260 _aHyderabad
_bAmaravati Publications
_c2021
270 _a# 326/C, Level 3, Surneni Nilayam Near B K Guda Park, S R Nagar
_bHyderabad
_e500038
300 _aviii, 280p.
_c24cm(pbk)
700 _aNaidu, R. Raj Gopal
942 _2ddc
_cEN
_h338.5024658
_mNAI